<?xml version="1.0" encoding="UTF-8"?>
<collection xmlns="http://www.loc.gov/MARC21/slim">
 <record>
  <leader>01992pamaa2200229   4500</leader>
  <controlfield tag="001">0000043578</controlfield>
  <controlfield tag="005">20121212090000.0</controlfield>
  <controlfield tag="008">080429                             eng  </controlfield>
  <datafield tag="020" ind1="0" ind2="0">
   <subfield code="a">9780750688864 (pbk.) </subfield>
  </datafield>
  <datafield tag="090" ind1="0" ind2="0">
   <subfield code="a">RJ53.P5 </subfield>
   <subfield code="b">POU 2007</subfield>
  </datafield>
  <datafield tag="245" ind1="1" ind2="0">
   <subfield code="a">Physiotherapy for children  </subfield>
   <subfield code="c">edited by Teresa Pountney.</subfield>
  </datafield>
  <datafield tag="260" ind1="0" ind2="0">
   <subfield code="a">Edinburgh ; New York: </subfield>
   <subfield code="b">Butterworth-Heinemann/Elsevier, </subfield>
   <subfield code="c">2007.</subfield>
  </datafield>
  <datafield tag="300" ind1=" " ind2=" ">
   <subfield code="a">xiv, 360 p.: </subfield>
   <subfield code="b">ill.; </subfield>
   <subfield code="c">25 cm.</subfield>
  </datafield>
  <datafield tag="500" ind1="0" ind2="0">
   <subfield code="a">Ethical and legal framework of paediatric physiotherapy practice / Julia Graham -- Delivering physiotherapy services to children and young people / Sarah Crombie -- Outcome measurement in paediatric physiotherapy / Adele Leake -- Clinical gait analysis / Nicky Thompson -- Motor control in developmental neurology / Margaret Mayston -- Neonatal care / Anna Mayhew and Fiona Price -- Cerebral palsy / Teresa Pountney -- Neural tube defects / Teresa Pountney and Gillian McCarthy -- Developmental coordination disorder / Judith M. Peters and Ann Markee -- Assistive technology / Donna Cowan and Alice Wintergold -- Acquired brain injury : acute management / Lesley Nutton -- Acquired brain injury rehabilitation / Patricia Wilcox -- Orthopaedic conditions / Jeanne Hartley -- Rheumatology / Susan Maillard  -- Duchenne muscular dystrophy / Michelle Eagle -- Sports injuries / Julie Sparrow -- The anatomy and physiology of the immature respiratory system / Liz Hardy -- Cardiorespiratory physiotherapy for the acutely ill, non-ventilated child / Liz Hardy -- Paediatric intensive care / Jill Brownson, Helen Dewdney and Rebecca Biggs -- Cancer in the child and young person / Victoria Mitchinson and Jan Davies -- Child and&#13;
 adolescent mental health / Robyn M. Hudson</subfield>
  </datafield>
  <datafield tag="501" ind1="0" ind2="0">
   <subfield code="a">SAH</subfield>
  </datafield>
  <datafield tag="504" ind1="0" ind2="0">
   <subfield code="a">Includes bibliographical references and index</subfield>
  </datafield>
  <datafield tag="650" ind1="0" ind2="0">
   <subfield code="a">Physical Therapy Modalities </subfield>
  </datafield>
  <datafield tag="650" ind1="0" ind2="0">
   <subfield code="a">Child </subfield>
  </datafield>
  <datafield tag="650" ind1="0" ind2="0">
   <subfield code="a">Physical therapy for children </subfield>
  </datafield>
  <datafield tag="650" ind1="0" ind2="0">
   <subfield code="a">Infant </subfield>
  </datafield>
  <datafield tag="700" ind1="1" ind2="1">
   <subfield code="a">Pountney, </subfield>
   <subfield code="h">Teresa E. </subfield>
  </datafield>
  <datafield tag="901" ind1=" " ind2=" ">
   <subfield code="u">http://www.elsevierhealth.com</subfield>
  </datafield>
 </record>
</collection>
